Die EU: Vorreiterin eines erneuerungsprojektes? der neue regionalismus /
Guardado en:
| Autor principal: | |
|---|---|
| Formato: | Libro |
| Lenguaje: | German |
| Etiquetas: |
Agregar Etiqueta
Sin Etiquetas, Sea el primero en etiquetar este registro!
|
MARC
| LEADER | 00000nam a22000007a 4500 | ||
|---|---|---|---|
| 003 | cru CIDCACS/IIS | ||
| 005 | 20170511160729.0 | ||
| 007 | ta | ||
| 008 | 170511s2009 gw ||||| |||| 00| 0 ger d | ||
| 040 | |c cru CIDCACS/IIS | ||
| 100 | 1 | |9 4659 |a Telo, Mario |d 1950- | |
| 245 | 1 | |a Die EU: |b Vorreiterin eines erneuerungsprojektes? der neue regionalismus / |c Mario Telo | |
| 300 | |a páginas 14-17 | ||
| 773 | 0 | |0 19298 |9 783 |d Alemania: Verlag J.H.W. Dietz Nachf 1985- |o R17807 |t Neue Gesellschaft: | |
| 942 | |2 ddc |c PP | ||
| 999 | |c 19301 |d 19301 | ||
